000 00439nam a22001457a 4500
020 _a9788131773444
082 _a150
100 _aRobert A. Baran et al
245 _aPsychology
250 _a5th ed
260 _aNew Delhi
_bPearson
_c2014.
300 _a649p
942 _cBK
999 _c2852
_d2852